La contribución sobre la renta en España y los "incrementos patrimoniales" (Record no. 100184)

MARC details
000 -LEADER
campo de control de longitud fija 00532nam a2200157 i 4500
001 - NÚMERO DE CONTROL
campo de control 100184
003 - IDENTIFICADOR DE NÚMERO DE CONTROL
campo de control ES-MaACL
005 - FECHA Y HORA DE LA ÚLTIMA TRANSACCIÓN
campo de control 20230906182625.0
007 - CAMPO FIJO DE DESCRIPCIÓN FÍSICA--INFORMACIÓN GENERAL
campo de control de longitud fija t|
008 - DATOS DE LONGITUD FIJA--INFORMACIÓN GENERAL
campo de control de longitud fija 050922q1953 sp ||||1| spa d
100 1# - ENTRADA PRINCIPAL--NOMBRE DE PERSONA
Nombre de persona Martos Martínez, Salvador.
9 (RLIN) 78554
245 13 - MENCIÓN DEL TÍTULO
Título La contribución sobre la renta en España y los "incrementos patrimoniales"
Resto del título : (Historial-Legislación-Comentarios) /
Mención de responsabilidad, etc. Salvador Martos Martínez.
260 ## - PUBLICACIÓN, DISTRIBUCIÓN, ETC.
Lugar de publicación, distribución, etc. Madrid :
Nombre del editor, distribuidor, etc. Sopec,
Fecha de publicación, distribución, etc. [1953?]
300 ## - DESCRIPCIÓN FÍSICA
Extensión 63 p. ;
Dimensiones 18 cm.
852 ## - LOCALIZACIÓN
Ubicación ES-MaACL
Número de control de estantería 1906-F-14
Sublocalización o colección R.34508
Holdings
Estatus retirado Estado de pérdida Estado de daño No para préstamo Colección Biblioteca de origen Biblioteca actual Ubicación en estantería Fecha de adquisición Fuente de adquisición Total de préstamos Signatura topográfica completa Código de barras Visto por última vez Precio de reemplazo Tipo de ítem Koha
        Colección de folletos Biblioteca del Ateneo de Madrid Biblioteca del Ateneo de Madrid Depósito folletos 17/01/2008     1906-F-14 1104611 23/02/2023 23/02/2023 Folleto